[Event "MDA-ch"]
[Site "Kishinev"]
[Date "2010.01.17"]
[Round "2"]
[White "Vedmediuc, Serghei"]
[Black "Podgursky, Sten"]
[Result "0-1"]
[WhiteElo "2459"]
[BlackElo "2220"]
[PlyCount "126"]
[EventDate "2010.01.16"]
[EventType "tourn"]
[EventRounds "9"]
[EventCountry "MDA"]
[EventCategory "4"]
[SourceTitle "CBM 134 Extra"]
[Source "ChessBase"]
[SourceDate "2010.03.03"]
[SourceVersion "1"]
[SourceVersionDate "2010.03.03"]
[SourceQuality "1"]

1. e4 c5 2. Nf3 e6 3. d4 cxd4 4. Nxd4 a6 5. Bd3 Nc6 6. Nxc6 dxc6 7. 0-0 e5 8. Nd2 Nf6 9. Nc4 Bg4 10. Qe1 Nd7 11. Qc3 f6 12. Be3 a5 13. a3 a4 14. f4 b5 15. Nb6 Nxb6 16. Qxc6+ Nd7 17. Bxb5 Rc8 18. Qd5 Qc7 19. h3 Bc5 20. Bxc5 Qxc5+ 21. Qxc5 Rxc5 22. Bxa4 Be2 23. Rf2 Bb5 24. b4 Bxa4 25. bxc5 Nxc5 26. fxe5 Ke7 27. exf6+ gxf6 28. Rb1 Rd8 29. Rb6 Rd1+ 30. Kh2 Nd7 31. Ra6 Rd4 32. Rf4 Bxc2 33. Rh4 Bxe4 34. a4 Nc5 35. Ra7+ Ke6 36. a5 Rd2 37. Rg7 Ra2 38. Rh5 Rxa5 39. Rg3 Bg6 40. Rh4 Ne4 41. Rb3 Ke5 42. Rb7 f5 43. Rb3 Rc5 44. Rf3 Rc2 45. Rhf4 Re2 46. Rf1 Re3 47. R4f3 Rxf3 48. Rxf3 f4 49. Ra3 Kd4 50. Rf3 Ke5 51. Ra3 Nd2 52. Kg1 Nc4 53. Ra4 Nb2 54. Ra5+ Ke4 55. Ra2 Nd3 56. Re2+ Kd4 57. Re7 Be4 58. Kf1 Ke3 59. Re8 Nc1 60. Re7 Nb3 61. Re8 Nd4 62. Re7 Nf5 63. Re8 Nh4 0-1

[Event "MDA-ch"]
[Site "Kishinev"]
[Date "2010.01.16"]
[Round "1"]
[White "Podgursky, Sten"]
[Black "Hamitevici, Vladimir"]
[Result "0-1"]
[WhiteElo "2220"]
[BlackElo "2403"]
[PlyCount "184"]
[EventDate "2010.01.16"]
[EventType "tourn"]
[EventRounds "9"]
[EventCountry "MDA"]
[EventCategory "4"]
[SourceTitle "CBM 134 Extra"]
[Source "ChessBase"]
[SourceDate "2010.03.03"]
[SourceVersion "1"]
[SourceVersionDate "2010.03.03"]
[SourceQuality "1"]

1. e4 c5 2. Nf3 d6 3. Bb5+ Bd7 4. Bxd7+ Qxd7 5. 0-0 Nc6 6. b3 Nf6 7. Re1 g6 8. Bb2 Bg7 9. d4 Nh5 10. Bc3 cxd4 11. Nxd4 0-0 12. Nxc6 bxc6 13. Bxg7 Nxg7 14. c4 f5 15. Nc3 fxe4 16. Rxe4 Rf5 17. Qd2 Raf8 18. f3 R8f7 19. Rae1 Qc7 20. Rd4 Qb6 21. Na4 Qb8 22. Nc3 Qc8 23. Rde4 Qd7 24. Nd1 Qc7 25. Ne3 Rh5 26. h3 Qa5 27. Re2 Qxd2 28. Rxd2 Ra5 29. Ng4 Kf8 30. Nh6 Rf6 31. Rde2 e6 32. Rd2 d5 33. cxd5 exd5 34. Rb4 Re6 35. Rf4+ Ke8 36. Rf7 Re7 37. Rf6 Rc5 38. g4 Rc3 39. Kg2 a5 40. h4 Rc1 41. Kf2 Kd8 42. Nf7+ Kc7 43. Ng5 Ne8 44. Rf7 Rxf7 45. Nxf7 Nd6 46. Ng5 h5 47. gxh5 gxh5 48. Ne6+ Kd7 49. Ng7 Ke7 50. Nxh5 Nf5 51. Nf4 Nxh4 52. Nxd5+ cxd5 53. Rxd5 Rc3 54. Rxa5 Nxf3 55. Ra4 Ne5 56. Ke2 Kd6 57. Kd2 Rh3 58. Ra6+ Nc6 59. b4 Kd5 60. a3 Nd4 61. Ra5+ Ke4 62. Ra8 Rd3+ 63. Kc1 Rb3 64. Kd2 Rb2+ 65. Ke1 Kd3 66. Rd8 Rb3 67. a4 Rxb4 68. a5 Ra4 69. Rd5 Ke3 70. Re5+ Kf4 71. Rd5 Ke4 72. Rh5 Ra2 73. Kd1 Nf5 74. Kc1 Rxa5 75. Rh8 Ra2 76. Kb1 Rg2 77. Rh3 Ne3 78. Rh4+ Kd3 79. Rh3 Re2 80. Rh8 Kc3 81. Rc8+ Nc4 82. Rc7 Re8 83. Ka2 Rb8 84. Rc6 Rb2+ 85. Ka1 Rb4 86. Rc8 Kc2 87. Ra8 Kc1 88. Ka2 Rb2+ 89. Ka1 Rb7 90. Ra6 Ne3 91. Ka2 Nc2 92. Rb6 Nb4+ 0-1

[Event "Donbass Cup"]
[Site "Donetsk"]
[Date "2009.04.15"]
[Round "11"]
[White "Podgursky, Sten"]
[Black "Ostrovskiy, Andrey"]
[Result "0-1"]
[WhiteElo "2248"]
[BlackElo "2420"]
[PlyCount "90"]
[EventDate "2009.04.07"]
[EventType "tourn"]
[EventRounds "11"]
[EventCountry "UKR"]
[EventCategory "2"]
[SourceTitle "CBM 129 Extra"]
[Source "ChessBase"]
[SourceDate "2009.05.05"]
[SourceVersion "2"]
[SourceVersionDate "2009.05.20"]
[SourceQuality "1"]

1. e4 e5 2. Nf3 Nc6 3. Bc4 Nf6 4. d3 h6 5. 0-0 d6 6. c3 g6 7. d4 Qe7 8. Re1 Bg7 9. Bb5 Bd7 10. d5 Nb8 11. c4 0-0 12. Nc3 Bc8 13. Bd2 Nfd7 14. g3 Nc5 15. Qc2 a6 16. Ba4 f5 17. Nh4 Qf7 18. exf5 gxf5 19. f4 Nxa4 20. Qxa4 Nd7 21. Qc2 b5 22. b3 Nb6 23. Qd3 e4 24. Qf1 Bd4+ 25. Kh1 e3 26. Rxe3 Bxe3 27. Bxe3 Re8 28. Bf2 Bd7 29. Rd1 bxc4 30. bxc4 Na4 31. Nb1 Qh5 32. Rd2 Re4 33. Kg2 Rb8 34. Nf3 c5 35. Rc2 Qg4 36. Nbd2 Re7 37. Nb3 Rbe8 38. Qd3 Qg7 39. Na5 Re4 40. Nc6 Nb2 41. Qd2 Nxc4 42. Qc1 Nb6 43. Na5 Bb5 44. Nh4 Qf6 45. Qa3 Ra4 0-1

[Event "Donbass Cup"]
[Site "Donetsk"]
[Date "2009.04.11"]
[Round "5"]
[White "Volovikov, Anton"]
[Black "Podgursky, Sten"]
[Result "1/2-1/2"]
[WhiteElo "2233"]
[BlackElo "2248"]
[PlyCount "70"]
[EventDate "2009.04.07"]
[EventType "tourn"]
[EventRounds "11"]
[EventCountry "UKR"]
[EventCategory "2"]
[SourceTitle "CBM 129 Extra"]
[Source "ChessBase"]
[SourceDate "2009.05.05"]
[SourceVersion "2"]
[SourceVersionDate "2009.05.20"]
[SourceQuality "1"]

1. e4 c5 2. Nc3 e6 3. f4 a6 4. Nf3 b5 5. d3 Bb7 6. g4 h5 7. gxh5 Nf6 8. Bg2 d5 9. exd5 Nxd5 10. Ne4 Nf6 11. Qe2 Nbd7 12. Neg5 Qb6 13. f5 e5 14. Nxe5 Nxe5 15. Qxe5+ Kd7 16. 0-0 Bxg2 17. Kxg2 Bd6 18. Qe2 Rxh5 19. h3 Re8 20. Qf3 Re5 21. Bd2 Bb8 22. Rfe1 Qc7 23. Kf1 g6 24. fxg6 fxg6 25. Rxe5 Qxe5 26. Re1 Qxb2 27. Qb7+ Bc7 28. Ba5 Ne8 29. Qd5+ Nd6 30. Qe6+ Kc6 31. Bxc7 Kxc7 32. Qxg6 Rh8 33. d4 Rf8+ 34. Kg2 Rf5 35. Qg7+ Kb8 1/2-1/2

[Event "Donbass Cup"]
[Site "Donetsk"]
[Date "2009.04.09"]
[Round "3"]
[White "Doluhanova, Evgeniya"]
[Black "Podgursky, Sten"]
[Result "0-1"]
[WhiteElo "2240"]
[BlackElo "2248"]
[PlyCount "88"]
[EventDate "2009.04.07"]
[EventType "tourn"]
[EventRounds "11"]
[EventCountry "UKR"]
[EventCategory "2"]
[SourceTitle "CBM 129 Extra"]
[Source "ChessBase"]
[SourceDate "2009.05.05"]
[SourceVersion "2"]
[SourceVersionDate "2009.05.20"]
[SourceQuality "1"]

1. e4 c5 2. Na3 Nc6 3. Bb5 Na5 4. c3 a6 5. Be2 Nf6 6. d3 e5 7. f4 exf4 8. Bxf4 d6 9. Nf3 Be7 10. 0-0 0-0 11. h3 b5 12. Nc2 Bb7 13. Ne3 Nh5 14. Bh2 g6 15. Nd2 Nf6 16. Bf4 Re8 17. Qe1 c4 18. Qf2 cxd3 19. Bxd3 Kg7 20. Bg5 h6 21. Bh4 Rf8 22. e5 dxe5 23. Qg3 Kh7 24. Bxf6 Bxf6 25. Ng4 Bg7 26. Rae1 Qb6+ 27. Kh1 Rad8 28. b4 Nc4 29. Nxc4 bxc4 30. Bxc4 Rd2 31. Rg1 Qc6 32. Bb3 e4 33. Qf4 Qxc3 34. Re3 Rd3 35. Rxd3 exd3 36. Rc1 Qb2 37. Rg1 f5 38. Nf2 d2 39. Qc7 Ba8 40. Rd1 Qd4 41. Qc5 Qf4 42. Kg1 Re8 43. Rf1 Bd4 44. Qc4 Bxf2+ 0-1

[Event "Chebanenco Memorial"]
[Site "Kishinev"]
[Date "2009.02.05"]
[Round "8"]
[White "Podgursky, Sten"]
[Black "Partac, Elena"]
[Result "0-1"]
[WhiteElo "2255"]
[BlackElo "2169"]
[PlyCount "92"]
[EventDate "2009.01.30"]
[EventType "tourn"]
[EventRounds "11"]
[EventCountry "MDA"]
[EventCategory "1"]
[SourceTitle "EXT 2010"]
[Source "ChessBase"]
[SourceDate "2010.11.25"]
[SourceVersion "1"]
[SourceVersionDate "2010.11.25"]
[SourceQuality "1"]

1. e4 c5 2. Nf3 Nc6 3. d4 cxd4 4. Nxd4 g6 5. Nc3 Bg7 6. Be3 Nf6 7. f3 0-0 8. Qd2 d5 9. Nxc6 bxc6 10. e5 Nd7 11. f4 e6 12. Be2 c5 13. Nb5 Bb7 14. Nd6 Bc6 15. c3 a6 16. 0-0-0 f6 17. exf6 Bxf6 18. Bf3 Qc7 19. Nc4 d4 20. Bf2 Bxf3 21. gxf3 Bg7 22. Bg3 Qc6 23. Rhe1 Rae8 24. Re4 Nf6 25. Re2 Nd5 26. Ne5 Bxe5 27. Rxe5 dxc3 28. bxc3 Qa4 29. f5 Rb8 30. Qd3 Qxa2 31. Re2 Qa3+ 32. Kd2 Rb2+ 33. Ke1 Rxe2+ 34. Qxe2 Qxc3+ 35. Rd2 Ne3 36. Kf2 Nxf5 37. Be5 Qb3 38. Rd3 Qc4 39. f4 a5 40. Qd1 Nd4 41. Qd2 Nc6 42. Bd6 Rd8 43. Rc3 Qb4 44. Rc2 Qb3 45. Rxc5 Qb6 46. Kg3 Qxc5 0-1

[Event "Chebanenco Memorial"]
[Site "Kishinev"]
[Date "2009.01.30"]
[Round "1"]
[White "Iakymov, Volodymyr"]
[Black "Podgursky, Sten"]
[Result "1-0"]
[WhiteElo "2442"]
[BlackElo "2255"]
[PlyCount "111"]
[EventDate "2009.01.30"]
[EventType "tourn"]
[EventRounds "11"]
[EventCountry "MDA"]
[EventCategory "1"]
[SourceTitle "EXT 2010"]
[Source "ChessBase"]
[SourceDate "2010.11.25"]
[SourceVersion "1"]
[SourceVersionDate "2010.11.25"]
[SourceQuality "1"]

1. e4 c5 2. Nc3 e6 3. Nf3 a6 4. g3 b5 5. Bg2 Bb7 6. d3 d6 7. 0-0 Nf6 8. Re1 Be7 9. e5 dxe5 10. Nxe5 Bxg2 11. Kxg2 0-0 12. Qf3 Ra7 13. Be3 Nfd7 14. d4 cxd4 15. Bxd4 Nxe5 16. Bxe5 Nd7 17. Bd4 Rc7 18. Rad1 Qc8 19. Nd5 exd5 20. Rxe7 Nc5 21. Rxc7 Qxc7 22. Qc3 Rc8 23. Bxg7 Ne4 24. Qd4 Qc6 25. c3 Re8 26. Be5 Qe6 27. Bf4 h5 28. Qxd5 Qg6 29. h4 Re6 30. Qd3 Qf6 31. Qd8+ Qxd8 32. Rxd8+ Kg7 33. Rd5 Kg6 34. f3 Nf6 35. Rg5+ Kh7 36. Kf2 Rc6 37. Be5 Kh6 38. Rf5 Nd7 39. Bf4+ Kg7 40. Rxh5 Nb6 41. Re5 f6 42. Re7+ Kf8 43. Re2 Nd5 44. Be3 Kf7 45. Rd2 Ke6 46. Bd4 a5 47. h5 Rc8 48. g4 Rh8 49. Kg3 Rh7 50. Re2+ Kd7 51. f4 a4 52. f5 Rh8 53. Re6 a3 54. bxa3 Ra8 55. h6 Rc8 56. Bxf6 1-0

[Event "MDA-ch"]
[Site "Kishinev"]
[Date "2009.01.26"]
[Round "11"]
[White "Podgursky, Sten"]
[Black "Gostev, Serghei"]
[Result "1-0"]
[WhiteElo "2255"]
[BlackElo "2256"]
[PlyCount "165"]
[EventDate "2009.01.16"]
[EventType "tourn"]
[EventRounds "13"]
[EventCountry "MDA"]
[EventCategory "3"]
[SourceTitle "EXT 2010"]
[Source "ChessBase"]
[SourceDate "2010.11.25"]
[SourceVersion "1"]
[SourceVersionDate "2010.11.25"]
[SourceQuality "1"]

1. e4 c5 2. Nf3 e6 3. c4 a6 4. Nc3 Qc7 5. a3 Nf6 6. d4 cxd4 7. Nxd4 b6 8. Be3 Bb7 9. f3 d6 10. Rc1 Nbd7 11. Be2 Be7 12. 0-0 0-0 13. Qd2 Rac8 14. b4 Qb8 15. Rfd1 Bd8 16. Nb3 Bc7 17. Bf4 Ne8 18. Kh1 Rd8 19. Bf1 Ndf6 20. Qf2 Kh8 21. Rb1 Rg8 22. c5 bxc5 23. bxc5 d5 24. Bxc7 Qxc7 25. exd5 Nxd5 26. Ne4 Nef6 27. Nbd2 Bc6 28. Rdc1 Nxe4 29. Nxe4 Rb8 30. Qg3 e5 31. Nd6 f6 32. Bc4 Rxb1 33. Rxb1 Rb8 34. Qe1 g6 35. Rxb8+ Qxb8 36. Qc1 Kg7 37. h3 Nf4 38. Kh2 Qa7 39. Qe3 Qb8 40. Bxa6 Qb2 41. Bf1 h5 42. h4 Qc2 43. Kg1 Ne6 44. Bc4 Nf4 45. Bf1 Bd5 46. Ne8+ Kf7 47. Nd6+ Ke7 48. Nc8+ Kd8 49. Nb6 Bc6 50. Nc4 Kc7 51. Nxe5 Nd5 52. Qd4 fxe5 53. Qxe5+ Kb7 54. Qd6 Nc7 55. Bd3 Qc3 56. Kh2 Qe1 57. Qf6 Qf2 58. Bxg6 Qxc5 59. Qg5 Qd6+ 60. Kg1 Ne6 61. Qe3 Nf4 62. Be4 Bxe4 63. Qxe4+ Kc7 64. Qc2+ Kd8 65. Qe4 Qd2 66. Qa8+ Ke7 67. Qa7+ Kf6 68. Qb6+ Ne6 69. Qb4 Qe3+ 70. Kh2 Nd4 71. Qd6+ Ne6 72. Qb4 Qe5+ 73. Kg1 Kf7 74. Qb7+ Ke8 75. Qe4 Qc5+ 76. Kf1 Kd7 77. Qb7+ Ke8 78. Qb8+ Kf7 79. Qb7+ Kf6 80. Qb4 Qe3 81. a4 Nc5 82. Qb2+ Kf7 83. a5 1-0

[Event "MDA-ch"]
[Site "Kishinev"]
[Date "2009.01.24"]
[Round "9"]
[White "Podgursky, Sten"]
[Black "Hamitevici, Vladimir"]
[Result "1-0"]
[WhiteElo "2255"]
[BlackElo "2406"]
[PlyCount "97"]
[EventDate "2009.01.16"]
[EventType "tourn"]
[EventRounds "13"]
[EventCountry "MDA"]
[EventCategory "3"]
[SourceTitle "EXT 2010"]
[Source "ChessBase"]
[SourceDate "2010.11.25"]
[SourceVersion "1"]
[SourceVersionDate "2010.11.25"]
[SourceQuality "1"]

1. e4 c5 2. Nf3 Nc6 3. d4 cxd4 4. Nxd4 Nf6 5. Nc3 e5 6. Ndb5 d6 7. Bg5 a6 8. Na3 b5 9. Nd5 Be7 10. Bxf6 Bxf6 11. Nb1 Bg5 12. a4 b4 13. Nd2 0-0 14. Nc4 Rb8 15. c3 bxc3 16. bxc3 Kh8 17. Be2 f5 18. exf5 Bxf5 19. 0-0 Be6 20. Bg4 Bg8 21. Qd3 Na5 22. Nxa5 Qxa5 23. Nb4 Rb6 24. Bf3 g6 25. Be4 Rc8 26. Rfd1 Kg7 27. g3 Bb3 28. Rdb1 Be6 29. h4 Bf6 30. h5 Bf7 31. hxg6 hxg6 32. Qf3 Rc5 33. Rd1 Rc7 34. Bd5 Be8 35. Be4 Bf7 36. Kg2 Be6 37. Rh1 Bg5 38. Qd3 Bf7 39. Rh2 Rxc3 40. Qxc3 Qxb4 41. Qc2 d5 42. Bd3 e4 43. Qc7 Rf6 44. Rah1 Rxf2+ 45. Kxf2 Qb2+ 46. Be2 e3+ 47. Kf3 Bh6 48. Rxh6 Qf6+ 49. Qf4 1-0

[Event "MDA-ch"]
[Site "Kishinev"]
[Date "2009.01.22"]
[Round "7"]
[White "Podgursky, Sten"]
[Black "Nevednichy, Boris M"]
[Result "1/2-1/2"]
[WhiteElo "2255"]
[BlackElo "2305"]
[PlyCount "108"]
[EventDate "2009.01.16"]
[EventType "tourn"]
[EventRounds "13"]
[EventCountry "MDA"]
[EventCategory "3"]
[SourceTitle "EXT 2010"]
[Source "ChessBase"]
[SourceDate "2010.11.25"]
[SourceVersion "1"]
[SourceVersionDate "2010.11.25"]
[SourceQuality "1"]

1. e4 Nf6 2. e5 Nd5 3. d4 d6 4. Nf3 dxe5 5. Nxe5 c6 6. Be2 Nd7 7. Nxd7 Bxd7 8. 0-0 g6 9. c3 Bg7 10. Na3 0-0 11. Nc4 Be6 12. Re1 Qc7 13. Bg5 c5 14. dxc5 Qxc5 15. Bd2 Rfd8 16. Qc1 Rac8 17. g3 Bh3 18. Bh6 Bf6 19. Nd2 Nb4 20. Ne4 Qc6 21. Qb1 Bf5 22. Bf1 Na6 23. Nxf6+ exf6 24. Qc1 Nc5 25. Qe3 Nd3 26. Red1 Re8 27. Rxd3 Rxe3 28. Rxe3 Be6 29. h4 Qc5 30. Be2 Bd5 31. Re1 Be6 32. a4 a5 33. b3 f5 34. Bc4 Re8 35. Bb5 Rc8 36. Bc4 Re8 37. Bb5 Rd8 38. Bc4 Rd6 39. Bf1 Qc8 40. Bg2 Rd8 41. Bg5 Re8 42. Bh6 Qd7 43. c4 Rd8 44. Bf3 f4 45. Bxf4 Kg7 46. Bg5 Re8 47. Bf4 h6 48. Bd5 b6 49. Be5+ Kh7 50. Bf6 Qd6 51. Bc3 Qd7 52. Bf6 Qd6 53. Be5 Qd7 54. Bd4 Qd6 1/2-1/2

[Event "MDA-ch"]
[Site "Kishinev"]
[Date "2009.01.21"]
[Round "6"]
[White "Bargan, Sergei"]
[Black "Podgursky, Sten"]
[Result "1/2-1/2"]
[WhiteElo "2327"]
[BlackElo "2255"]
[PlyCount "93"]
[EventDate "2009.01.16"]
[EventType "tourn"]
[EventRounds "13"]
[EventCountry "MDA"]
[EventCategory "3"]
[SourceTitle "EXT 2010"]
[Source "ChessBase"]
[SourceDate "2010.11.25"]
[SourceVersion "1"]
[SourceVersionDate "2010.11.25"]
[SourceQuality "1"]

1. e4 c5 2. f4 e6 3. Nf3 d5 4. d3 Nc6 5. c3 Be7 6. Be3 Nf6 7. e5 Ng4 8. Bg1 Nh6 9. d4 cxd4 10. Nxd4 0-0 11. Nd2 f6 12. N2f3 fxe5 13. fxe5 Ng4 14. Nxc6 bxc6 15. Bd3 Qc7 16. Qe2 Rb8 17. h3 Nh6 18. Bf2 c5 19. 0-0 g6 20. g4 a5 21. Rad1 a4 22. a3 Bb7 23. Be3 Nf7 24. Bf4 Ba8 25. Kh2 Qb7 26. Rd2 Qc6 27. h4 Kh8 28. Kg3 Rg8 29. Qe3 Rbf8 30. Rh2 Bd8 31. Qe2 Qb6 32. g5 d4 33. h5 Bxf3 34. hxg6 Rxg6 35. Rxf3 Rg7 36. g6 Rfg8 37. Kf2 Rxg6 38. Rfh3 h6 39. Bxg6 Rxg6 40. Qc2 Kg7 41. Qd2 Ng5 42. Bxg5 Bxg5 43. Qc2 Be3+ 44. Ke2 Qc6 45. Rf3 Qd5 46. cxd4 Bxd4 47. Qxg6+ 1/2-1/2

[Event "MDA-ch"]
[Site "Kishinev"]
[Date "2009.01.20"]
[Round "5"]
[White "Podgursky, Sten"]
[Black "Soltanici, Ruslan"]
[Result "0-1"]
[WhiteElo "2255"]
[BlackElo "2400"]
[PlyCount "82"]
[EventDate "2009.01.16"]
[EventType "tourn"]
[EventRounds "13"]
[EventCountry "MDA"]
[EventCategory "3"]
[SourceTitle "EXT 2010"]
[Source "ChessBase"]
[SourceDate "2010.11.25"]
[SourceVersion "1"]
[SourceVersionDate "2010.11.25"]
[SourceQuality "1"]

1. e4 c5 2. Nf3 d6 3. d4 cxd4 4. Nxd4 Nf6 5. Nc3 a6 6. Be2 e5 7. Nb3 Be7 8. a4 Nc6 9. 0-0 Be6 10. Be3 0-0 11. a5 Bxb3 12. cxb3 Nxa5 13. b4 Nc6 14. b5 axb5 15. Rxa8 Qxa8 16. Bxb5 Qa5 17. Qd3 Nb4 18. Qc4 Nc2 19. Nd5 Bd8 20. b4 Nxe3 21. Nxe3 Qc7 22. Qd3 g6 23. g3 Be7 24. Bc4 Rc8 25. Rc1 Kg7 26. Rc2 Qd7 27. Kg2 Bd8 28. Bb5 Qe6 29. Rxc8 Qxc8 30. Qxd6 Bc7 31. Qd3 Bb6 32. Qc4 Qd8 33. Nd5 Bd4 34. Nxf6 Qxf6 35. f3 Qg5 36. Qe2 h5 37. Ba4 h4 38. Bb3 hxg3 39. hxg3 Qc1 40. Bd1 b5 41. Kh3 Qb1 0-1

[Event "MDA-ch"]
[Site "Kishinev"]
[Date "2009.01.19"]
[Round "4"]
[White "Vedmediuc, Serghei"]
[Black "Podgursky, Sten"]
[Result "1-0"]
[WhiteElo "2414"]
[BlackElo "2255"]
[PlyCount "63"]
[EventDate "2009.01.16"]
[EventType "tourn"]
[EventRounds "13"]
[EventCountry "MDA"]
[EventCategory "3"]
[SourceTitle "EXT 2010"]
[Source "ChessBase"]
[SourceDate "2010.11.25"]
[SourceVersion "1"]
[SourceVersionDate "2010.11.25"]
[SourceQuality "1"]

1. e4 c5 2. Nf3 Nc6 3. d4 cxd4 4. Nxd4 Nf6 5. Nc3 d6 6. Be2 e6 7. 0-0 Be7 8. Be3 Bd7 9. Ndb5 Qb8 10. a4 b6 11. f4 a6 12. Nd4 0-0 13. Kh1 Rc8 14. Bf3 Qc7 15. g4 Be8 16. g5 Nd7 17. Bg2 Rab8 18. Rf3 g6 19. Rh3 Bf8 20. Qe1 Bg7 21. Nxc6 Qxc6 22. f5 Bxc3 23. bxc3 e5 24. Rxh7 Kxh7 25. Qh4+ Kg8 26. f6 Nf8 27. Rf1 Qxc3 28. Rf3 Bd7 29. Qh6 Qe1+ 30. Rf1 Qxf1+ 31. Bxf1 Ne6 32. Bh3 1-0

[Event "Kishinev Independence Cup"]
[Site "Kishinev"]
[Date "2008.08.09"]
[Round "2"]
[White "Ianocichin, Victor"]
[Black "Podgursky, Sten"]
[Result "1-0"]
[WhiteElo "2251"]
[BlackElo "2260"]
[PlyCount "53"]
[EventDate "2008.08.08"]
[EventType "tourn"]
[EventRounds "11"]
[EventCountry "MDA"]
[SourceTitle "EXT 2010"]
[Source "ChessBase"]
[SourceDate "2010.11.25"]
[SourceVersion "1"]
[SourceVersionDate "2010.11.25"]
[SourceQuality "1"]

1. e4 c5 2. Nf3 d6 3. c3 Nf6 4. Be2 e6 5. 0-0 Be7 6. Re1 0-0 7. Bf1 Nc6 8. d4 cxd4 9. cxd4 d5 10. e5 Ne4 11. Bd3 Nb4 12. Bxe4 dxe4 13. Rxe4 Bd7 14. Rg4 f5 15. exf6 Bxf6 16. Ne5 Bxe5 17. dxe5 Nd5 18. Bh6 Rf7 19. Qd4 Bb5 20. Bg5 Qc7 21. Nd2 Rc8 22. Ne4 Rf5 23. Nd6 Rxg5 24. Rxg5 Qc1+ 25. Qd1 Qxg5 26. Nxc8 Bc6 27. h4 1-0

[Event "Kishinev Independence Cup"]
[Site "Kishinev"]
[Date "2008.08.08"]
[Round "1"]
[White "Baltag, Iulian"]
[Black "Podgursky, Sten"]
[Result "1-0"]
[WhiteElo "2342"]
[BlackElo "2260"]
[PlyCount "67"]
[EventDate "2008.08.08"]
[EventType "tourn"]
[EventRounds "11"]
[EventCountry "MDA"]
[SourceTitle "EXT 2010"]
[Source "ChessBase"]
[SourceDate "2010.11.25"]
[SourceVersion "1"]
[SourceVersionDate "2010.11.25"]
[SourceQuality "1"]

1. Nf3 d5 2. c4 dxc4 3. Na3 Nf6 4. Nxc4 e6 5. g3 Be7 6. Bg2 0-0 7. 0-0 b5 8. Na5 Nd5 9. a4 bxa4 10. Ne5 Bf6 11. Nec4 c6 12. Qxa4 Qc7 13. d3 Bd7 14. e4 Nb6 15. Qa3 Nxc4 16. Nxc4 e5 17. Be3 Bg4 18. h3 Be6 19. Nb6 axb6 20. Qxa8 c5 21. Qa7 Qd6 22. Qb7 Bd8 23. b4 cxb4 24. d4 Bc4 25. Rfc1 b5 26. dxe5 Qc7 27. Qxc7 Bxc7 28. Bc5 Bxe5 29. Bxf8 Kxf8 30. Rab1 Na6 31. Bf1 b3 32. Bxc4 bxc4 33. Rxc4 b2 34. f4 1-0

[Event "Tiraspol Lutikov Memorial"]
[Site "Tiraspol"]
[Date "2008.04.06"]
[Round "9"]
[White "Romcovici, Victor"]
[Black "Podgursky, Sten"]
[Result "1/2-1/2"]
[WhiteElo "2220"]
[BlackElo "2217"]
[PlyCount "30"]
[EventDate "2008.03.31"]
[EventType "tourn"]
[EventRounds "9"]
[EventCountry "MDA"]
[EventCategory "2"]
[SourceTitle "EXT 2009"]
[Source "ChessBase"]
[SourceDate "2008.11.26"]
[SourceVersion "1"]
[SourceVersionDate "2008.11.26"]
[SourceQuality "1"]

1. e4 c5 2. Nc3 Nc6 3. g3 g6 4. Bg2 Bg7 5. d3 d6 6. f4 e6 7. Nf3 Nge7 8. 0-0 0-0 9. Be3 b6 10. Rb1 Bb7 11. d4 cxd4 12. Nxd4 Nxd4 13. Bxd4 f6 14. Bf2 Qb8 15. Nb5 d5 1/2-1/2

[Event "Tiraspol Lutikov Memorial"]
[Site "Tiraspol"]
[Date "2008.04.03"]
[Round "5"]
[White "Podgursky, Sten"]
[Black "Dmitrenko, Viktor"]
[Result "1/2-1/2"]
[WhiteElo "2217"]
[BlackElo "2362"]
[PlyCount "28"]
[EventDate "2008.03.31"]
[EventType "tourn"]
[EventRounds "9"]
[EventCountry "MDA"]
[EventCategory "2"]
[SourceTitle "EXT 2009"]
[Source "ChessBase"]
[SourceDate "2008.11.26"]
[SourceVersion "1"]
[SourceVersionDate "2008.11.26"]
[SourceQuality "1"]

1. e4 e6 2. d4 d5 3. Nd2 Nf6 4. Bd3 c5 5. dxc5 Nc6 6. Ngf3 Bxc5 7. 0-0 Be7 8. a3 0-0 9. b3 dxe4 10. Nxe4 Nxe4 11. Bxe4 Bf6 12. Rb1 Qxd1 13. Rxd1 Rd8 14. Be3 Bd7 1/2-1/2

[Event "Tiraspol Lutikov Memorial"]
[Site "Tiraspol"]
[Date "2008.04.02"]
[Round "4"]
[White "Turta, Vladimir"]
[Black "Podgursky, Sten"]
[Result "1-0"]
[WhiteElo "2228"]
[BlackElo "2217"]
[PlyCount "57"]
[EventDate "2008.03.31"]
[EventType "tourn"]
[EventRounds "9"]
[EventCountry "MDA"]
[EventCategory "2"]
[SourceTitle "EXT 2009"]
[Source "ChessBase"]
[SourceDate "2008.11.26"]
[SourceVersion "1"]
[SourceVersionDate "2008.11.26"]
[SourceQuality "1"]

1. e4 c5 2. b4 cxb4 3. a3 Nc6 4. axb4 Nxb4 5. c3 Nc6 6. d4 d5 7. e5 f6 8. Bd3 g6 9. f4 Nh6 10. Nf3 Bg7 11. 0-0 0-0 12. h3 Bf5 13. Na3 Bxd3 14. Qxd3 e6 15. g4 f5 16. g5 Nf7 17. h4 a6 18. Ra2 h5 19. gxh6 Bxh6 20. Rg2 Kh7 21. Ng5+ Bxg5 22. fxg5 b5 23. h5 Rh8 24. Nc2 Kg7 25. hxg6 Kxg6 26. Ne3 Rh3 27. Rxf5 Kg7 28. Rf6 Ne7 29. Nf5+ 1-0

[Event "Tiraspol Lutikov Memorial"]
[Site "Tiraspol"]
[Date "2008.03.14"]
[Round "1"]
[White "Podgursky, Sten"]
[Black "Rakhmangulov, Andrei"]
[Result "0-1"]
[WhiteElo "2217"]
[BlackElo "2318"]
[PlyCount "74"]
[EventDate "2008.03.31"]
[EventType "tourn"]
[EventRounds "9"]
[EventCountry "MDA"]
[EventCategory "2"]
[SourceTitle "EXT 2009"]
[Source "ChessBase"]
[SourceDate "2008.11.26"]
[SourceVersion "1"]
[SourceVersionDate "2008.11.26"]
[SourceQuality "1"]

1. e4 d6 2. d4 Nf6 3. Nc3 c6 4. a4 Qa5 5. Bd2 e5 6. Nd5 Qd8 7. Nxf6+ Qxf6 8. Bc3 Qg6 9. Qd3 f5 10. f3 Be7 11. dxe5 dxe5 12. Bxe5 0-0 13. 0-0-0 fxe4 14. Qxe4 Bf5 15. Bc4+ Kh8 16. Qe2 Nd7 17. f4 Nc5 18. a5 b5 19. Ba2 Rae8 20. Nf3 Bd8 21. Qf2 Ne4 22. Qxa7 Be7 23. g4 Bxg4 24. Rhg1 h5 25. Rd7 Ra8 26. Rxe7 Rxa7 27. Rxa7 Nf6 28. Ng5 Qe8 29. h3 Nd7 30. hxg4 Nxe5 31. Rh1 Nxg4 32. Ra8 Qxa8 33. Rxh5+ Nh6 34. Nf7+ Rxf7 35. Bxf7 Qxa5 36. c3 Qa1+ 37. Kc2 Qa4+ 0-1

[Event "MDA-ch"]
[Site "Kishinev"]
[Date "2007.02.28"]
[Round "12"]
[White "Podgursky, Sten"]
[Black "Hamitevici, Vladimir"]
[Result "1/2-1/2"]
[WhiteElo "2135"]
[BlackElo "2289"]
[PlyCount "25"]
[EventDate "2007.02.17"]
[EventType "tourn"]
[EventRounds "13"]
[EventCountry "MDA"]
[EventCategory "2"]
[SourceTitle "EXT 2022"]
[Source "ChessBase"]
[SourceDate "2021.10.06"]
[SourceVersion "1"]
[SourceVersionDate "2021.10.06"]
[SourceQuality "1"]

1. e4 c5 2. Nf3 Nc6 3. d4 cxd4 4. Nxd4 e5 5. Nb5 a6 6. Nd6+ Bxd6 7. Qxd6 Qf6 8. Qxf6 Nxf6 9. Nc3 Nb4 10. Bd3 b5 11. a3 Nxd3+ 12. cxd3 Bb7 13. 0-0 1/2-1/2